Taking sides : Clashing views on controverisal environmental issues
Kaydedildi:
| Materyal Türü: | Kitap |
|---|---|
| Dil: | Vietnamese |
| Baskı/Yayın Bilgisi: |
McGraw-Hill/Dushkin
McGraw-Hill/Dushkin
|
| Etiketler: |
Etiketle
Etiket eklenmemiş, İlk siz ekleyin!
|
| Thư viện lưu trữ: | Mạng thư viện Đại học Đà Nẵng |
|---|
| LEADER | 00619nam a2200241 4500 | ||
|---|---|---|---|
| 001 | 000021436 | ||
| 003 | 17884 | ||
| 005 | 20150420150432.0 | ||
| 008 | 150420sMcGr viesd | ||
| 020 | |c 00 | ||
| 041 | 0 | |a vie | |
| 082 | 1 | 4 | |a 370 |b Ta-S |
| 245 | 1 | 0 | |a Taking sides : Clashing views on controverisal environmental issues |
| 260 | |b McGraw-Hill/Dushkin |c McGraw-Hill/Dushkin | ||
| 300 | |a tr. |c cm. | ||
| OWN | |a LSP | ||
| 999 | |a From the UDN01 | ||
| TYP | |a Monograph | ||
| TYP | |a Printed language | ||
| 980 | |a Mạng thư viện Đại học Đà Nẵng | ||